La autoeficacia docente e investigadora del profesorado universitario : relación con su estilo docente e influencia en sus concepciones sobre el nexo docencia-investigación (Record no. 169263)

MARC details
000 -CABECERA
campo de control de longitud fija 00807nab a2200229 a 4500
005 - FECHA Y HORA DE LA ÚLTIMA TRANSACCIÓN
campo de control 20210219162052.0
008 - ELEMENTOS DE LONGITUD FIJA--INFORMACIÓN GENERAL
campo de control de longitud fija 991125s1985 mx 000 0 spa u
035 ## - NÚMERO DE CONTROL DEL SISTEMA
Número de control de sistema UPN01000197162
049 ## - COLECCIÓN
Colección ART
222 ## - TÍTULO CLAVE
Título clave REVISTA DE INVESTIGACION EDUCATIVA
245 ## - MENCIÓN DE TÍTULO
Título La autoeficacia docente e investigadora del profesorado universitario : relación con su estilo docente e influencia en sus concepciones sobre el nexo docencia-investigación
260 ## - PUBLICACIÓN, DISTRIBUCIÓN, ETC.
Lugar de publicación, distribución, etc. Murcia, España
300 ## - DESCRIPCIÓN FÍSICA
Extensión 169-186
362 0# - FECHAS DE PUBLICACIÓN Y/O DESIGNACIÓN SECUENCIAL
Fecha de publicación y/o designación secuencial 2014 Vol. 32, no. 1, ene.
653 0# - TERMINO DE INDIZACION - NO CONTROLADO
Término no controlado AUTOEFICACIA DOCENTE
653 0# - TERMINO DE INDIZACION - NO CONTROLADO
Término no controlado INVESTIGACION EDUCATIVA
653 0# - TERMINO DE INDIZACION - NO CONTROLADO
Término no controlado PRACTICA DOCENTE
700 1# - ASIENTO SECUNDARIO--NOMBRE DE PERSONAL
Nombre de persona Tesouro, Montse,
Término indicativo de función/relación coaut.
700 1# - ASIENTO SECUNDARIO--NOMBRE DE PERSONAL
Filiación montse.tesouro@udg.edu
856 1# - LOCALIZACIÓN Y ACCESO ELECTRÓNICOS
Identificador Uniforme del Recurso <a href="http://revistas.um.es/rie/article/view/172771">http://revistas.um.es/rie/article/view/172771</a>
905 ## - TIPO DE MATERIAL
Tipo de material Articulo

No items available.